| 000 | 00389nam a2200145Ia 4500 | ||
|---|---|---|---|
| 008 | 130318s9999 xx 000 0 und d | ||
| 020 | _a9788120309296 | ||
| 082 | _a621.367 JAI/F;7 | ||
| 100 | _aJain, Anil K | ||
| 245 | _aFundamentals of digital image processing | ||
| 260 |
_bPHI Learning _aNew Dlhi _c1985 |
||
| 300 | _a569 | ||
| 650 | _aIMAGE DATA COMPRESSION | ||
| 650 | _aIMAGE SAMPLING | ||
| 999 |
_c2278 _d2278 |
||